Language Quiz

Random Language or Letter Quiz

Rhymes with Pig Quiz Stats

Quiz Updated Jul 13, 2016

Also try: Rhymes with Sheep
Challenge
Share
Tweet
Embed
Score 0/17 Timer 02:00
11 Plays Today
% Correct
big
98.3%
dig
97.8%
fig
96.9%
wig
94%
rig
93.3%
jig
91.1%
gig
88.4%
zig
78.3%
brig
76.8%
% Correct
cig
75.4%
trig
65.5%
vig
63.5%
grig
47.5%
twig
44.5%
prig
44.4%
swig
38.1%
sprig
19.5%

You're not logged in!

Compare scores with friends on all Sporcle quizzes.
Sign Up with Email
OR
Log In

You Might Also Like...

Show Comments

Extras

Top Quizzes Today


Score Distribution

Your Account Isn't Verified!

In order to create a playlist on Sporcle, you need to verify the email address you used during registration. Go to your Sporcle Settings to finish the process.